Los simuladores

La serie está basada en un grupo de cuatro socios o colegas que se dedican al negocio de la simulación, operando desde el año 1989 y resolviendo los problemas y necesidades de sus clientes mediante lo que ellos denominan "operativos de simulacro", que suelen consistir en engañar a quienes...

Descripción completa

Guardado en:
Autor Principal: Szifron, Damián.
Autor Corporativo: Telefe.
Otros Autores: Malajovich, Gustavo; Guion., Vega, Patricio; Guion., Peretti, Diego; Guion y reparto., D'Elía, Federico; Reparto., Fiore, Alejandro; Reparto., Seefeld, Martín; Reparto.
Formato: Deslizar
Idioma:Undetermined
Publicado: Argentina : Telefe, 2003.
Series:Temporada 2
Materias:
Etiquetas: Agregar Etiqueta
Sin Etiquetas, Sea el primero en etiquetar este registro!
LEADER 01735ngm a22003255a 4500
001 CEM.cems020203
008 230614s2003####xx#---############vlund#d
005 20230614204422.0
245 1 0 |a Los simuladores  |h [videograbación] /  |c Damián Szifron. 
260 |a Argentina :  |b Telefe,  |c 2003. 
300 |a 50'. 
490 1 |a Temporada 2 
520 |a La serie está basada en un grupo de cuatro socios o colegas que se dedican al negocio de la simulación, operando desde el año 1989 y resolviendo los problemas y necesidades de sus clientes mediante lo que ellos denominan "operativos de simulacro", que suelen consistir en engañar a quienes generan los problemas de sus clientes, ya fueran jefes, criminales, esposas, viudas, comerciantes inescrupulosos, etcétera. 
590 |a Identificación anterior: 72 
538 |a Soporte: DVD -- Formato: AVI – Peso: 4.08gb -- Resolución: 320 x 240 -- 25fps 
505 0 |a 01. Los cuatro notables -- 02. Z-9000 -- 03. La gargantilla de las cuatro estaciones -- 04. El clan Motul -- 05. El vengador infantil -- 06. El matrimonio mixto -- 07. La Brigada B -- 08. Fin de semana de descanso -- 09. El debilitador social -- 10. El anillo de Salomón -- 11. Episodio final 
100 1 |a Szifron, Damián. 
700 1 |a Malajovich, Gustavo; Guion. 
700 1 |a Vega, Patricio; Guion. 
700 1 |a Peretti, Diego; Guion y reparto. 
700 1 |a D'Elía, Federico; Reparto. 
700 1 |a Fiore, Alejandro; Reparto. 
700 1 |a Seefeld, Martín; Reparto. 
710 2 |a Telefe. 
653 |a SERIE 
653 |a FICCIÓN 
653 |a COMEDIA DRAMÁTICA 
653 |a SUSPENSO 
653 |a TELEVISIÓN 
859 |a CEMS  |b BIB. CEMS - Depto. Recursos Didacticos  |h 778.5  |i SZI-1  |k DRD  |p 3030.23  |t Ej.1